Hindī ke śr̥ṅgāra gīta. (Record no. 72907)

MARC details
000 -LEADER
fixed length control field 00612cam a22002291 4500
001 - CONTROL NUMBER
control field sa 67001885
003 - CONTROL NUMBER IDENTIFIER
control field DLC
005 - DATE AND TIME OF LATEST TRANSACTION
control field 20260227112326.0
008 - FIXED-LENGTH DATA ELEMENTS--GENERAL INFORMATION
fixed length control field 890606q19601967ii 000 0 hino
010 ## - LIBRARY OF CONGRESS CONTROL NUMBER
LC control number sa 67001885
035 ## - SYSTEM CONTROL NUMBER
System control number (OCoLC)19824774
040 ## - CATALOGING SOURCE
Original cataloging agency DLC
Transcribing agency WaU
Modifying agency NRU
-- DLC
042 ## - AUTHENTICATION CODE
Authentication code premarc
050 00 - LIBRARY OF CONGRESS CALL NUMBER
Classification number PK2057
Item number .S33
100 1# - MAIN ENTRY--PERSONAL NAME
Personal name Saxena, Gopal Das,
Dates associated with a name 1926-
245 10 - TITLE STATEMENT
Title Hindī ke śr̥ṅgāra gīta.
Statement of responsibility, etc. [Sampādaka] 'Nīraja'.
260 ## - PUBLICATION, DISTRIBUTION, ETC.
Place of publication, distribution, etc. Dillī,
Name of publisher, distributor, etc. Hinda Pākeṭa Buksa
Date of publication, distribution, etc. [196-]
300 ## - PHYSICAL DESCRIPTION
Extent 118 p.
Dimensions 15 cm.
500 ## - GENERAL NOTE
General note In Hindi.
500 ## - GENERAL NOTE
General note Poems.
650 #0 - SUBJECT ADDED ENTRY--TOPICAL TERM
Topical term or geographic name entry element Love poetry, Hindi.

No items available.

Powered by Koha